00317nam a2200121Ia 4500008004100000082001600041100001700057245004400074250000900118260004600127300001000173650001200183150201s2002 xx 000 0 und d a611bC2002R aROMANES,G.J. aCUNNINGHAMS MANUAL OF PRACTICAL ANATOMY a15TH bOXFORD MEDICAL PUBLICATIONSaOXFORDc2002 a1-263 aANATOMY